Zhodnocení peněz může přijít draho

Právne a daňové aspekty obchodovania na medzinárodnom kapitálovom trhu pre drobných investorov. Mechanizmus obchodovania. Voľba spoľahlivého partnera.

Saved in:
Bibliographic Details
Main Author: Folwarczny, Zenon
Format: Book Chapter
Language:Czech
Subjects:
Tags: Add Tag
No Tags, Be the first to tag this record!

MARC

LEADER 00000naa a2200000 4500
001 r045721
005 20231004070526.2
041 0 |a cze 
044 |a CZ 
245 1 0 |a Zhodnocení peněz může přijít draho  |c Zenon Folwarczny 
520 |a Právne a daňové aspekty obchodovania na medzinárodnom kapitálovom trhu pre drobných investorov. Mechanizmus obchodovania. Voľba spoľahlivého partnera. 
610 2 0 |a trh kapitálový medzinárodný 
610 2 0 |a investori 
610 2 0 |a úpravy právne 
610 2 0 |a Česko 
100 1 |a Folwarczny, Zenon